000 00526nam a2200169 4500
001 127322
003 ES-MaACL
005 20230906193007.0
007 t|
008 070214s1959 fr r ||||1| fre d
100 1 _aRichards, R. K.
_996923
245 1 0 _aCalculateurs numériques
_b: eléments et circuits /
_cpar R. K. Richards ; traduit par H. Soubies-Camy.
260 _aParis :
_bDunod,
_c1959.
300 _aXV, 522 p. :
_bil. ;
_c25 cm.
700 1 _aSoubies-Camy, H.
_9107555
852 _aES-MaACL
_jC-16915
_bR.45146
999 _c127322
_d127322